000 01207nam a2200313Ia 4500
001 7173
005 20251216153145.0
008 161108s2008 ck a g 000 f s
020 _a9789584238740
040 _aCO-BoRNBP
_bspa
_erda
_cCO-BoRNBP
084 _aN LEW2
100 1 _aLewis, Clive Staples
_d1898-1963
_936272
245 1 4 _aLas crónicas de Narnia 2:
_bel león, la bruja y el armario /
_cC.S. Lewis ; traducción de Gemma Gallart ; ilustraciones de Pauline Baynes
250 _a8a. edición
264 _aBogotá
_bDestino
_c2008
300 _a233 páginas
_bilustraciones en blanco y negro
_c21 cm
336 _atexto
_btxt
_2rdacontent
337 _asin mediación
_bn
_2rdamedia
338 _avolumen
_bnc
_2rdacarrier
534 _tThe lion, the witch and the wardrobe
650 1 4 _2LEMB
_aNovela juvenil inglesa
_ySiglo XIX
_968046
650 1 4 _2LEMB
_aLiteratura juvenil inglesa
_ySiglo XIX
_968047
650 1 4 _2LEMB
_aNarraciones fantásticas
_936274
650 1 4 _2LEMB
_aMundos fantásticos en la literatura
_968048
650 1 4 _2LEMB
_aFantasía en la literatura
_9858
700 1 _aBaynes, Pauline
_eilustrador
_936275
700 1 _aGallart, Gemma
_etraductora
_936276
942 _2loc
_cBKLIT
999 _c7173
_d7173